000 00355nam a22001697a 4500
003 UA-OsUOA
001 5297
007 ta
008 20050721b un ||||| |||| 00| 0 ukr d
100 _aSidwell
700 _aDuncan
942 _cBK
040 _aUA-OsUOA
_cUA-OsUOA
_dUA-OsUOA
245 _aDeutsch Heute. Teil 2
_bGerman
955 _a2
650 7 _2UDC
999 _c291459
_d291459